000 00745nam a22002057a 4500
003 UA-OsUOA
001 10171
007 ta
008 20041224b un ||||| |||| 00| 0 ukr d
100 _aБондар В.
942 _cSA
040 _aUA-OsUOA
_bukr
_cUA-OsUOA
_dUA-OsUOA
245 _aРечники землі степової : Кіровоградській обласній організації НСПУ у грудні виповнюється 20 років від часу створення
300 _aС.2
955 _a0
041 _aukr
044 _aUA
773 0 _w0
_tЛітературна Україна
_dКиїв
_d2004
_g№50 /23груд./
650 7 _aУкраїнське літературознавство
_2UDC
999 _c296332
_d296332